ਚੇਤੰਨਤਾ ਦੇ ਦੀਪ / (Record no. 48926)

MARC details
000 -LEADER
fixed length control field 01038nam a22002537a 4500
005 - DATE AND TIME OF LATEST TRANSACTION
control field 20090825120337.0
008 - FIXED-LENGTH DATA ELEMENTS--GENERAL INFORMATION
fixed length control field 090728t xxu||||| |||| 00| 0 pun d
010 ## - LCCN (DPL NO)
LC control number PUN-6526
020 ## - INTERNATIONAL STANDARD BOOK NUMBER
Terms of availability 150.00
International Standard Book Number 9788175381292
035 ## - SYSTEM CONTROL NUMBER
System control number PN-5644
037 ## - SOURCE OF ACQUISITION
Source of stock number/acquisition DBAD / PUB
040 ## - CATALOGING SOURCE
Original cataloging agency dpl
Language of cataloging pn
082 ## - DEWEY DECIMAL CLASSIFICATION NUMBER
Classification number 851
100 ## - MAIN ENTRY--PERSONAL NAME
9 (RLIN) 24414
Personal name ਔਜਲਾ, ਮੋਹਨ ਸਿੰਘ
245 ## - TITLE STATEMENT
Title ਚੇਤੰਨਤਾ ਦੇ ਦੀਪ /
Statement of responsibility, etc ਮੋਹਨ ਸਿੰਘ ਔਜਲਾ
246 ## - VARYING FORM OF TITLE
Title proper/short title Chetanta de deep
Remainder of title by Mohan Singh Aujla
260 ## - PUBLICATION, DISTRIBUTION, ETC. (IMPRINT)
Place of publication, distribution, etc ਚੰਡੀਗਡ਼
Name of publisher, distributor, etc ਲੋਕਗੀਤ ਪ੍ਰਕਾਸ਼ਨ
Date of publication, distribution, etc 2010
270 ## - ADDRESS
Address s.c.o-26-27, Sector-34-A,
City ਚੰਡੀਗਡ਼
Postal code 160022
Telephone number 01624-682954, 09781534406
300 4# - PHYSICAL DESCRIPTION
Extent 132 ਸਫੇ
Dimensions 22 ਸੇਮੀ (ਸਜਿਲੱਦ)
650 ## - SUBJECT ADDED ENTRY--TOPICAL TERM
9 (RLIN) 24412
Topical term or geographic name as entry element ਕਵਿਤਾਵਾਂ
650 ## - SUBJECT ADDED ENTRY--TOPICAL TERM
Topical term or geographic name as entry element Poems
9 (RLIN) 24431
942 ## - ADDED ENTRY ELEMENTS (KOHA)
Source of classification or shelving scheme Dewey Decimal Classification
Item type Punjabi Bks
Classification part 851
Call number suffix ਔਜਲਾ
Holdings
Withdrawn status Lost status Source of classification or shelving scheme Damaged status Not for loan Collection code Home library Current library Date acquired Source of acquisition Cost, normal purchase price Total Checkouts Full call number Barcode Date last seen Copy number Cost, replacement price Koha item type
    Dewey Decimal Classification     Non-fiction D.B.Act.Division D.B.Act.Division 02/12/2010 DBAD/PUB 150.00   851 ਔਜਲਾ PN-5644 02/12/2010 1 150.00 Punjabi Bks

© Delhi Public Library
Hit Counter
free hit counter